000 01092nam a2200241Ia 4500
003 Ost
005 20260507074903.0
008 260507s9999||||xx |||||||||||||| ||und||
040 _cfsecg
041 _aara
082 _a350
100 _aزايد، عادل
_eمؤلف
245 0 _aالأداء التنظيمي المتميز :
_bالطريق الى منظمة المستقبل /
_c عادل زايد
260 _aالقاهرة:
_bمنشورات المنظمة العربية للتنمية الإدارية,
_c2005
300 _a84 صفحة؛
_bإيضاحات ؛
_c24 سم
490 _aسلسلة بحوث ودراسات
_v368
504 _aببليوغرافيا: ص.79
520 _aيضم التميز التنظيمي، التميز من خلال القيادة، التميز من خلال البشر، التميز من خلال الإدارة الإستراتيجية، التميز من خلال التوجه بالمستهلك والسوق
653 _aالإدارة
653 _aتقييم الأداء
653 _aتنظيم وإدارة
942 _cكتاب
999 _c41675
_d41675